|
|
|
|
| LEADER |
00000cam a2200000 7i4500 |
| 001 |
0000006913 |
| 005 |
20151222.0 |
| 008 |
070827 |
| 020 |
|
|
|a 9832661781
|
| 090 |
0 |
0 |
|a COM
|b ENG
|
| 100 |
0 |
|
|a Iskandar Ab Rashid
|
| 245 |
1 |
0 |
|a Fun with graphic
|c Iskandar Ab Rashid dan Zaitun Ismail
|
| 260 |
|
|
|a Selangor :
|b Venton Publishing ,
|c 2005
|
| 440 |
|
|
|a ICT Series
|
| 500 |
|
|
|a Children ages 10-12 years old (pink)
|
| 650 |
|
0 |
|a Computer
|x Study and teaching
|
| 650 |
|
0 |
|a Graphic
|x Juvenile literature
|
| 700 |
1 |
|
|a Zaitun Ismail
|
| 999 |
|
|
|a 0000986562
|b Book
|c Children Collection
|e Cawangan Segamat
|
| 999 |
|
|
|a 0000986563
|b Book
|c Children Collection
|e Cawangan Kota Tinggi
|
| 999 |
|
|
|a 0000986564
|b Book
|c Children Collection
|e Cawangan Taman Sri Lambak
|
| 999 |
|
|
|a 0000986565
|b Book
|c Children Collection
|e Perbadanan Perpustakaan Awam Johor
|
| 999 |
|
|
|a 0000986566
|b Book
|c Children Collection
|e Cawangan Sri Merlong
|
| 999 |
|
|
|a 0001002684
|b Book
|c Adult Collection
|e Cawangan Pontian
|
| 999 |
|
|
|a 0001002685
|b Book
|c Children Collection
|e Cawangan Tangkak
|
| 999 |
|
|
|a 0001002686
|b Book
|c Children Collection
|e Cawangan Tmn. Ungku Tun Aminah
|
| 999 |
|
|
|a CD00986562
|b CD-ROM
|c REFERENCE
|e Perbadanan Perpustakaan Awam Johor
|